[Event "SUI-chT"]
[Site "Switzerland"]
[Date "2022.06.12"]
[Round "3.3"]
[White "Martins, David Pires Tavares"]
[Black "Fend, Juergen"]
[Result "0-1"]
[WhiteElo "2408"]
[BlackElo "2237"]
[PlyCount "56"]
[EventDate "2022.05.01"]
[EventType "team-tourn"]
[EventRounds "9"]
[EventCountry "SUI"]
[SourceTitle "EXT 2023"]
[Source "ChessBase"]
[SourceDate "2022.10.05"]
[SourceVersion "1"]
[SourceVersionDate "2022.10.05"]
[SourceQuality "1"]
[WhiteTeam "Reti"]
[BlackTeam "Wollishofen"]
[WhiteTeamCountry "SUI"]
[BlackTeamCountry "SUI"]

1. d4 d5 2. c4 e6 3. Nc3 c6 4. e4 dxe4 5. Nxe4 Bb4+ 6. Nc3 e5 7. a3 Bxc3+ 8. bxc3 Qa5 9. Bd2 Bf5 10. Qb3 Nd7 11. c5 0-0-0 12. Bc4 Ngf6 13. Ne2 Ne4 14. Qb4 Qc7 15. Be3 Bg6 16. 0-0 Rhe8 17. Rad1 h6 18. d5 cxd5 19. Bxd5 Nexc5 20. c4 Nd3 21. Rxd3 Bxd3 22. Nc3 a5 23. Qb3 Bxf1 24. Nb5 Nc5 25. Na7+ Kb8 26. Qb5 Rxd5 27. Qxe8+ Rd8 28. Nb5 Rxe8 0-1

[Event "SUI-chT"]
[Site "Switzerland"]
[Date "2017.09.02"]
[Round "6.6"]
[White "Fend, Juergen"]
[Black "Brunner, Nicolas"]
[Result "0-1"]
[WhiteElo "2260"]
[BlackElo "2476"]
[PlyCount "144"]
[EventDate "2017.03.19"]
[EventType "team-swiss"]
[EventRounds "9"]
[EventCountry "SUI"]
[SourceTitle "EXT 2018"]
[Source "ChessBase"]
[SourceDate "2017.10.13"]
[SourceVersion "1"]
[SourceVersionDate "2017.10.13"]
[SourceQuality "1"]
[WhiteTeam "Wollishofen"]
[BlackTeam "Riehen"]
[WhiteTeamCountry "SUI"]
[BlackTeamCountry "SUI"]

1. Nf3 d5 2. g3 Bg4 3. Bg2 Nd7 4. 0-0 c6 5. d3 e5 6. Nbd2 Ngf6 7. e4 dxe4 8. dxe4 Bc5 9. Qe1 0-0 10. h3 Bh5 11. Nh4 Re8 12. Nc4 Nb6 13. Na5 Qc7 14. Bd2 Nfd7 15. Nf5 f6 16. Bb4 Rad8 17. a3 Bf8 18. Qe3 c5 19. Bc3 c4 20. Bb4 Nc5 21. b3 Ne6 22. bxc4 Rd7 23. Rab1 Rc8 24. Rb2 Na4 25. Rbb1 b6 26. Nb3 Qxc4 27. Bxf8 Kxf8 28. Rfe1 Nc3 29. Bf1 Qc6 30. Ra1 Nd1 31. Qc1 Ng5 32. Bg2 Nc3 33. Qe3 Nd1 34. Qc1 Qc3 35. Kf1 Nb2 36. Qe3 Bf7 37. Kg1 Qxe3 38. Nxe3 Nc4 39. Nd5 Bxd5 40. exd5 Nd6 41. h4 Ngf7 42. Re2 Rdc7 43. Ra2 Nb5 44. Rd2 Nfd6 45. a4 Nc3 46. Ra1 a5 47. f4 exf4 48. Bh3 Re8 49. Nd4 Rc4 50. Ne6+ Kf7 51. gxf4 Rxa4 52. Rxa4 Nxa4 53. h5 Nc5 54. Kg2 g6 55. f5 g5 56. h6 Ra8 57. Bg4 Nxe6 58. Bh5+ Ke7 59. Re2 a4 60. Rxe6+ Kd7 61. Re1 a3 62. Ra1 Ke7 63. Bg6 hxg6 64. h7 Nxf5 65. Rxa3 Rh8 66. Ra6 Kd6 67. Rxb6+ Kxd5 68. Rxf6 Rxh7 69. Rxg6 Rg7 70. Ra6 Ke4 71. Kf2 Rd7 72. c3 Rd2+ 0-1

[Event "SUI-chT"]
[Site "Switzerland"]
[Date "2013.10.12"]
[Round "8.6"]
[White "Fend, Juergen"]
[Black "Georgiadis, Ioannis"]
[Result "1/2-1/2"]
[WhiteElo "2241"]
[BlackElo "2449"]
[PlyCount "45"]
[EventDate "2013.03.17"]
[EventType "team-tourn"]
[EventRounds "9"]
[EventCountry "SUI"]
[SourceTitle "EXT 2014"]
[Source "ChessBase"]
[SourceDate "2013.11.20"]
[SourceVersion "1"]
[SourceVersionDate "2013.11.20"]
[SourceQuality "1"]
[WhiteTeam "Wollishofen"]
[BlackTeam "Reti"]
[WhiteTeamCountry "SUI"]
[BlackTeamCountry "SUI"]

1. g3 e5 2. c4 Nf6 3. Bg2 d5 4. cxd5 Nxd5 5. Nc3 Nb6 6. Nf3 Nc6 7. 0-0 Be7 8. a3 a5 9. d3 0-0 10. Be3 Be6 11. Rc1 a4 12. Bxb6 cxb6 13. Nxa4 e4 14. Nd2 exd3 15. exd3 Qxd3 16. Nxb6 Rad8 17. Ndc4 Qf5 18. Qf3 Qg5 19. h4 Qb5 20. a4 Qb4 21. Qc3 Qc5 22. Qe3 Nd4 23. Rfe1 1/2-1/2

[Event "SUI-chT"]
[Site "Switzerland"]
[Date "2012.06.03"]
[Round "4.8"]
[White "Hauser, Roland"]
[Black "Fend, Juergen"]
[Result "1/2-1/2"]
[WhiteElo "2110"]
[BlackElo "2234"]
[PlyCount "155"]
[EventDate "2012.03.18"]
[EventType "team-tourn"]
[EventRounds "9"]
[EventCountry "SUI"]
[SourceTitle "EXT 2013"]
[Source "ChessBase"]
[SourceDate "2012.11.22"]
[SourceVersion "1"]
[SourceVersionDate "2012.11.22"]
[SourceQuality "1"]
[WhiteTeam "Neuchatel"]
[BlackTeam "Wollishofen"]
[WhiteTeamCountry "SUI"]
[BlackTeamCountry "SUI"]

1. d4 d5 2. Bf4 g6 3. e3 Bg7 4. Nf3 c5 5. c3 Qb6 6. Qb3 Nc6 7. Nbd2 Nf6 8. Be2 Qxb3 9. axb3 cxd4 10. Nxd4 Nd7 11. Nb5 0-0 12. Nc7 Rb8 13. Nxd5 e5 14. Bg3 a6 15. b4 Re8 16. 0-0 Nf6 17. Nxf6+ Bxf6 18. Rfd1 Be6 19. Bf3 Rbd8 20. Ne4 Be7 21. Rxd8 Rxd8 22. Rd1 Rxd1+ 23. Bxd1 f6 24. Nd2 Kf7 25. f3 f5 26. Kf2 Bd6 27. Ke2 Ke7 28. e4 Kd7 29. Bb3 Bc7 30. Bf2 Bd6 31. Bxe6+ Kxe6 32. Nb3 Kd7 33. Kd3 Nd8 34. Be3 Kc6 35. Na5+ Kb5 36. Nc4 Bc7 37. b3 Ne6 38. Bd2 Nd8 39. Ne3 f4 40. Nd5 Bb8 41. Be1 Nf7 42. Bf2 Bd6 43. Bb6 Kc6 44. Bf2 Kb5 45. Bh4 g5 46. Be1 h6 47. c4+ Kc6 48. Bc3 Bf8 49. Bb2 Bd6 50. c5 Bf8 51. Kc4 b5+ 52. Kd3 Kd7 53. Bc3 Bg7 54. Bb2 Nd8 55. g3 fxg3 56. hxg3 Ne6 57. Nb6+ Kc6 58. Nd5 Kd7 59. Ne3 h5 60. Bc3 Bf6 61. Ke2 Nd8 62. Nd5 Bg7 63. Kf2 Nc6 64. f4 gxf4 65. gxf4 Bf8 66. Nf6+ Ke6 67. Nxh5 a5 68. fxe5 axb4 69. Nf4+ Kd7 70. e6+ Ke8 71. Bf6 Bxc5+ 72. Ke2 Bd4 73. Bh4 Be5 74. Nd3 Bd6 75. Bf6 Na5 76. e5 Be7 77. Bxe7 Kxe7 78. Nf4 1/2-1/2

[Event "SUI-chT"]
[Site "Switzerland"]
[Date "2010.08.28"]
[Round "6.8"]
[White "Studer, Noel"]
[Black "Fend, Juergen"]
[Result "0-1"]
[WhiteElo "1957"]
[BlackElo "2237"]
[PlyCount "80"]
[EventDate "2010.02.14"]
[EventType "team-tourn"]
[EventRounds "9"]
[EventCountry "SUI"]
[SourceTitle "EXT 2011"]
[Source "ChessBase"]
[SourceDate "2010.11.26"]
[SourceVersion "1"]
[SourceVersionDate "2010.11.26"]
[SourceQuality "1"]
[WhiteTeam "Bern"]
[BlackTeam "Wollishofen"]
[WhiteTeamCountry "SUI"]
[BlackTeamCountry "SUI"]

1. e4 c6 2. d4 d5 3. Nc3 dxe4 4. Nxe4 Bf5 5. Ng3 Bg6 6. h4 h6 7. Nf3 Nd7 8. h5 Bh7 9. Bd3 Bxd3 10. Qxd3 e6 11. Bf4 Qa5+ 12. Bd2 Bb4 13. Ne4 Bxd2+ 14. Nfxd2 Qb4 15. c3 Qe7 16. Qg3 Kf8 17. 0-0-0 Ngf6 18. Nd6 Nb6 19. N6e4 Rd8 20. Rh4 Nbd5 21. Nxf6 gxf6 22. c4 Rg8 23. Qd3 f5 24. g3 Nf6 25. Re1 Rg4 26. Nf3 Rxh4 27. Nxh4 Qd6 28. Nf3 Ng4 29. Qd2 b5 30. Rd1 bxc4 31. Ne1 Kg7 32. Nc2 Qd5 33. Qf4 Qd6 34. Qd2 Qd5 35. Qf4 Rd7 36. f3 Nf2 37. Nb4 Qb5 38. Rd2 Qxb4 39. Qe5+ f6 40. Qxe6 Re7 0-1

[Event "Hessenliga 0203"]
[Site "Germany"]
[Date "2002.12.01"]
[Round "4.8"]
[White "Daum, Dieter"]
[Black "Fend, Juergen"]
[Result "0-1"]
[WhiteElo "2156"]
[BlackElo "2212"]
[PlyCount "96"]
[EventDate "2002.10.??"]
[EventType "team"]
[EventRounds "9"]
[EventCountry "GER"]
[SourceTitle "EXT 2004"]
[Source "ChessBase"]
[SourceDate "2003.11.25"]
[SourceVersion "1"]
[SourceVersionDate "2003.11.25"]
[SourceQuality "1"]
[WhiteTeam "Bensheim"]
[BlackTeam "Marburg"]
[WhiteTeamCountry "GER"]
[BlackTeamCountry "GER"]

1. Nf3 c5 2. g3 b6 3. Bg2 Bb7 4. 0-0 Nf6 5. d3 d5 6. Nbd2 e6 7. e4 Be7 8. e5 Nfd7 9. Re1 Nc6 10. h4 Qc7 11. Qe2 Nb4 12. Nf1 c4 13. d4 a5 14. a3 Nc6 15. c3 b5 16. Bf4 b4 17. axb4 axb4 18. Rxa8+ Bxa8 19. Ne3 Qa5 20. Nd1 Nb6 21. Qc2 Na7 22. Qb1 Bc6 23. Bd2 Ba4 24. Qa1 Nc6 25. Ne3 0-0 26. h5 Ra8 27. h6 Bb3 28. Qc1 Qa2 29. hxg7 Na4 30. Ng4 Qxb2 31. Nf6+ Bxf6 32. exf6 bxc3 33. Bh6 Qxc1 34. Bxc1 Nb2 35. Bh3 Nd3 36. Rxe6 Nxc1 37. Rxc6 c2 38. Bf1 Na2 39. Ne5 Ba4 40. Rc7 c1Q 41. Nxf7 Be8 42. Nd6 Bg6 43. Kg2 Qg5 44. Nc8 Be4+ 45. Kg1 Qxf6 46. Ne7+ Qxe7 47. Rxe7 c3 48. Bh3 Ra6 0-1

[Event "Hessenliga 0001"]
[Site "Hessen"]
[Date "2001.01.21"]
[Round "5.1"]
[White "Weber, Ulrich"]
[Black "Fend, Juergen"]
[Result "1-0"]
[WhiteElo "2254"]
[BlackElo "2214"]
[PlyCount "73"]
[EventDate "2000.10.??"]
[EventType "team"]
[EventRounds "9"]
[EventCountry "GER"]
[SourceTitle "EXT 2002"]
[Source "ChessBase"]
[SourceDate "2001.11.25"]
[SourceVersion "1"]
[SourceVersionDate "2001.11.25"]
[SourceQuality "1"]

1. Nf3 c5 2. g3 b6 3. Bg2 Bb7 4. c4 Nf6 5. 0-0 e6 6. Nc3 Be7 7. Re1 d6 8. e4 0-0 9. d4 cxd4 10. Nxd4 Qc8 11. Be3 Nbd7 12. f4 Re8 13. Rc1 Bf8 14. Bf2 h6 15. b3 a6 16. f5 exf5 17. Nxf5 Nc5 18. Nxd6 Bxd6 19. Qxd6 Rd8 20. Qxb6 Nd3 21. Bd4 Nd7 22. Qa5 Re8 23. Nd5 Bxd5 24. exd5 Nxc1 25. Rxc1 Ne5 26. d6 Nc6 27. Qd5 Qg4 28. Bb6 Ne5 29. Rf1 Rf8 30. Bd4 Nd7 31. c5 Rac8 32. Bf3 Qe6 33. c6 Nf6 34. Bxf6 Qxf6 35. Bg4 Qg6 36. Bxc8 Rxc8 37. d7 1-0

[Event "Hessenliga 0001"]
[Site "Hessen"]
[Date "2000.10.22"]
[Round "2.2"]
[White "Meiser, Markus"]
[Black "Fend, Juergen"]
[Result "0-1"]
[WhiteElo "2207"]
[BlackElo "2214"]
[PlyCount "90"]
[EventDate "2000.10.??"]
[EventType "team"]
[EventRounds "9"]
[EventCountry "GER"]
[SourceTitle "EXT 2002"]
[Source "ChessBase"]
[SourceDate "2001.11.25"]
[SourceVersion "1"]
[SourceVersionDate "2001.11.25"]
[SourceQuality "1"]

1. d4 Nf6 2. c4 e6 3. Nf3 d5 4. Nc3 Be7 5. Bg5 0-0 6. e3 Ne4 7. Bxe7 Qxe7 8. Bd3 Nxc3 9. bxc3 Nd7 10. cxd5 exd5 11. 0-0 b6 12. Rc1 Bb7 13. Qc2 g6 14. h4 Rac8 15. h5 Kg7 16. Rfe1 Rfe8 17. Qe2 Qa3 18. g3 a6 19. Kg2 Nf6 20. Rh1 Nxh5 21. Ng5 Nf6 22. Qf3 Qe7 23. Rh4 h5 24. Qf4 Ne4 25. Bxe4 dxe4 26. Rch1 Qf6 27. Nh3 Qxf4 28. gxf4 c5 29. f5 cxd4 30. cxd4 Rc2 31. fxg6 fxg6 32. Nf4 Rxa2 33. R1h3 Bc8 34. Rg3 Bg4 35. Rhxg4 hxg4 36. Rxg4 Kf7 37. Rxg6 Rg8 38. Rxg8 Kxg8 39. Nd5 b5 40. Nf6+ Kf7 41. Nxe4 b4 42. Nc5 a5 43. Kf3 a4 44. Ke4 a3 45. Kd3 Rb2 0-1

[Event "US Open-101"]
[Site "Saint Paul"]
[Date "2000.08.05"]
[Round "1"]
[White "Fend, Juergen"]
[Black "Wilson, Bertrand"]
[Result "0-1"]
[WhiteElo "2214"]
[BlackElo "2243"]
[PlyCount "51"]
[EventDate "2000.08.05"]
[EventType "swiss"]
[EventRounds "9"]
[EventCountry "USA"]
[SourceTitle "EXT 2001"]
[Source "ChessBase"]
[SourceDate "2000.11.22"]
[SourceVersion "1"]
[SourceVersionDate "2000.11.22"]
[SourceQuality "1"]

1. d4 Nf6 2. c4 e6 3. Bg5 d5 4. Nc3 Be7 5. e3 b6 6. cxd5 Nxd5 7. Bxe7 Qxe7 8. Nf3 0-0 9. Rc1 Nd7 10. Nxd5 exd5 11. Rxc7 Qb4+ 12. Qd2 Qxd2+ 13. Kxd2 Nf6 14. Bd3 Be6 15. Ne5 Rfc8 16. Rhc1 Rxc7 17. Rxc7 Ne8 18. Rc3 Nd6 19. f3 Rc8 20. Rxc8+ Bxc8 21. Nc6 Bd7 22. Ne7+ Kf8 23. Nxd5 Be6 24. Nc3 Bc4 25. b3 Bd5 26. Nxd5 0-1

[Event "Hessenliga 9900"]
[Site "Hessen"]
[Date "1999.09.26"]
[Round "1.2"]
[White "Fend, Juergen"]
[Black "Petri, Klaus"]
[Result "0-1"]
[WhiteElo "2214"]
[BlackElo "2192"]
[PlyCount "90"]
[EventDate "1999.09.26"]
[EventType "team"]
[EventRounds "11"]
[EventCountry "GER"]
[SourceTitle "EXT 2002"]
[Source "ChessBase"]
[SourceDate "2001.11.25"]
[SourceVersion "1"]
[SourceVersionDate "2001.11.25"]
[SourceQuality "1"]

1. Nf3 d5 2. c4 e6 3. g3 Nf6 4. Bg2 Be7 5. 0-0 0-0 6. b3 c6 7. d3 Re8 8. Bb2 Bf8 9. Nbd2 Nbd7 10. d4 b5 11. Ne5 Nxe5 12. dxe5 Nd7 13. cxb5 cxb5 14. e4 Nb6 15. Rc1 Bb7 16. Qe2 Qd7 17. exd5 Nxd5 18. Ne4 Rec8 19. Qg4 Rxc1 20. Rxc1 Rc8 21. Rd1 Kh8 22. Nc3 Ba3 23. Ba1 Rc5 24. Be4 Qe7 25. Nxd5 exd5 26. Bd3 Qe6 27. Qh4 g6 28. Bf1 d4 29. Bxd4 Rc1 30. Rxc1 Bxc1 31. Qd8+ Kg7 32. Bxb5 Qg4 33. e6+ Kh6 34. Qf8+ Kh5 35. Qc5+ f5 36. Qxc1 Qf3 37. Kf1 Qh1+ 38. Ke2 Qxc1 39. Bd3 Qh1 40. e7 Qf3+ 41. Kd2 Qc6 42. Be2+ Kh6 43. Be3+ Kg7 44. Bg5 h6 45. Bf6+ Kxf6 0-1

[Event "Oberliga Ost-B 9899"]
[Site "Germany"]
[Date "1999.??.??"]
[Round "?"]
[White "Thoma, Christian"]
[Black "Fend, Juergen"]
[Result "1/2-1/2"]
[WhiteElo "2235"]
[BlackElo "2190"]
[PlyCount "81"]
[EventDate "1998.10.??"]
[EventType "team"]
[EventRounds "11"]
[EventCountry "GER"]
[SourceTitle "EXT 2000"]
[Source "ChessBase"]
[SourceDate "1999.11.16"]
[SourceVersion "1"]
[SourceVersionDate "1999.11.16"]
[SourceQuality "1"]

1. e4 Nf6 2. e5 Nd5 3. d4 d6 4. Nf3 Bg4 5. Be2 e6 6. c4 Nb6 7. 0-0 Be7 8. Nc3 0-0 9. Be3 d5 10. c5 Bxf3 11. gxf3 Nc8 12. f4 Nc6 13. Rb1 a5 14. a3 f5 15. b4 axb4 16. axb4 Bh4 17. b5 Na5 18. Kh1 Kh8 19. Bd3 b6 20. Ne2 Ne7 21. Bd2 Ng6 22. Qc2 Qd7 23. Ra1 Nc4 24. Rxa8 Rxa8 25. Bxc4 dxc4 26. Qxc4 bxc5 27. Be3 cxd4 28. Nxd4 Nf8 29. Rc1 Bd8 30. Qc6 Qxc6+ 31. Rxc6 Kg8 32. Nxe6 Nxe6 33. Rxe6 Kf7 34. Rc6 Rb8 35. e6+ Ke8 36. Rc5 g6 37. Bd4 Rb7 38. Rd5 Be7 39. Kg2 Bd6 40. b6 Ke7 41. bxc7 1/2-1/2

[Event "Oberliga Ost B 9798"]
[Site "Germany"]
[Date "1998.??.??"]
[Round "?.3"]
[White "Fend, Juergen"]
[Black "Komljenovic, Luka"]
[Result "1-0"]
[WhiteElo "2190"]
[BlackElo "2245"]
[PlyCount "105"]
[EventDate "1997.09.??"]
[EventType "team"]
[EventRounds "11"]
[EventCountry "GER"]
[SourceTitle "EXT 1999"]
[Source "ChessBase"]
[SourceDate "1998.11.16"]
[SourceVersion "1"]
[SourceVersionDate "1998.11.16"]
[SourceQuality "1"]

1. c4 Nf6 2. g3 g6 3. Bg2 Bg7 4. Nc3 c5 5. Nf3 0-0 6. 0-0 Nc6 7. a3 d6 8. Rb1 a5 9. d3 Bd7 10. Bd2 Qc8 11. Ne1 Bh3 12. Nc2 Rd8 13. b4 axb4 14. axb4 b6 15. Bg5 Bxg2 16. Kxg2 e6 17. Qd2 Rd7 18. Rfc1 d5 19. cxd5 Nxd5 20. Nxd5 Rxd5 21. Bh6 Bf6 22. Ne3 Rh5 23. bxc5 bxc5 24. Nf1 Nd4 25. Be3 Qc6+ 26. Kg1 Qd5 27. Bxd4 Bxd4 28. Rc4 Rd8 29. Rbc1 Qe5 30. R4c2 Qd6 31. Rc4 Kg7 32. Qc2 Rb8 33. Rb1 Rxb1 34. Qxb1 Qa6 35. Qc2 Qb5 36. Nd2 Rd5 37. Qb3 Qa5 38. Qc2 h5 39. Kg2 h4 40. Nf3 hxg3 41. hxg3 Qa8 42. Qa4 Qb7 43. Rc1 Bf6 44. Qc4 Qb2 45. Qc2 Qa3 46. Rh1 Qb4 47. Qd2 Kf8 48. Qa2 Rd8 49. Rb1 Qg4 50. Qa7 Be7 51. Qc7 Qf5 52. Rb7 Bf6 53. Qxf7# 1-0